| 000 | 00587nam a2200169 i 4500 | ||
|---|---|---|---|
| 001 | 98492 | ||
| 003 | ES-MaACL | ||
| 005 | 20230906182309.0 | ||
| 007 | t| | ||
| 008 | 050923s1909 fr ||||1| fre d | ||
| 100 | 1 |
_aFilón de Alejandría. _950857 |
|
| 245 | 1 | 0 |
_aCommentaire allégorique des saintes lois après l'oeuvre de six jours _b: texte grec, traduction française / _cPhilon ; introduction et index par Emile Bréhier. |
| 260 |
_aParis : _bA. Picard et fils, _c1909. |
||
| 300 |
_aXXXVIII, 330 p. ; _c19 cm. |
||
| 700 | 1 |
_aBréhier, Émile. _9148586 |
|
| 852 |
_aES-MaACL _jF-9780 |
||
| 999 |
_c98492 _d98492 |
||